Conceptual physical science
Guardat en:
| Autors principals: | , , |
|---|---|
| Format: | Llibre |
| Idioma: | anglès |
| Publicat: |
Nueva York
Harper Collins
1994
|
| Matèries: | |
| Etiquetes: |
Afegir etiqueta
Sense etiquetes, Sigues el primer a etiquetar aquest registre!
|
MARC
| LEADER | 00000nam a2200000 a 4500 | ||
|---|---|---|---|
| 001 | UCY4593 | ||
| 003 | CL-VaPUC | ||
| 008 | 950320e19940000US |||||||||||||||||eng|d | ||
| 082 | 0 | 4 | |a 500.2 |b HEW |2 21 |
| 100 | |a Hewitt, Paul G |e author |9 529586 | ||
| 700 | 0 | |a Suchocki, John |e author |9 333067 | |
| 700 | 0 | |a Hewitt, Leslie A |e author |9 333068 | |
| 245 | 1 | 0 | |a Conceptual physical science |
| 300 | |a 795 p | ||
| 942 | |c BK | ||
| 945 | |d 19950320 00:00:00 |a mfernand | ||
| 260 | |a Nueva York |b Harper Collins |c 1994 | ||
| 650 | 0 | |a Ciencias naturales |9 260542 | |
| 650 | 0 | |a Física |9 227844 | |
| 583 | |a last modification |c 19950320 00:00:00 |k Rodrigo Vera | ||
| 999 | |c 232399 |d 232397 | ||